Appled humanism : how to create more effective and ethical businesses /

Bibliographic Details
Main Author: Hancock, Jennifer, (Author)
Format: eBook
Language:English
Published: New York, NY : Business Expert Press, 2019.
Subjects:
Online Access:Click to View
LEADER 01497nam a2200361 i 4500
001 EBC5781053
003 MiAaPQ
005 20200520144314.0
006 m o d |
007 cr cnu||||||||
008 190618s2019 nyu o 000 0 eng d
020 |z 9781949991420 
020 |a 9781949991437  |q (electronic bk.) 
035 |a (MiAaPQ)EBC5781053 
035 |a (Au-PeEL)EBL5781053 
035 |a (OCoLC)1103221427 
040 |a MiAaPQ  |b eng  |e rda  |e pn  |c MiAaPQ  |d MiAaPQ 
050 4 |a B821  |b .H363 2019 
082 0 |a 144  |2 23 
100 1 |a Hancock, Jennifer,  |e author. 
245 1 0 |a Appled humanism :  |b how to create more effective and ethical businesses /  |c Jennifer Hancock. 
264 1 |a New York, NY :  |b Business Expert Press,  |c 2019. 
300 |a 1 online resource (186 pages) 
336 |a text  |b txt  |2 rdacontent 
337 |a computer  |b c  |2 rdamedia 
338 |a online resource  |b cr  |2 rdacarrier 
588 |a Description based on print version record. 
590 |a Electronic reproduction. Ann Arbor, MI : ProQuest, 2018. Available via World Wide Web. Access may be limited to ProQuest affiliated libraries. 
650 0 |a Humanism. 
655 4 |a Electronic books. 
776 0 8 |i Print version:  |a Hancock, Jennifer.  |t Appled humanism : how to create more effective and ethical businesses.  |d New York, NY : Business Expert Press, 2019   |h 186 pages   |z 9781949991420 
797 2 |a ProQuest (Firm) 
856 4 0 |u https://ebookcentral.proquest.com/lib/matrademy/detail.action?docID=5781053  |z Click to View